00734nam a2200205 a 450000100060000000300090000600800410001502000180005604000280007408200170010210000290011924501630014826000320031130000100034365000440035365000310039765000460042870000290047470000250050324105CO-ViMGA141112s2004 ck r 000 u spa d a9788479789039 aCO-ViMGAbspacCO-ViMGA04a628.32 O767t1 aOsorio Robles, Francisco10aTratamiento de aguas para la eliminacion de microorganismos y agentes contaminantes / cFrancisco Osorio Robles, Juan Carlos Torres Rojo, Mercedes Sanchez Bas aEspaña : bDiaz De Santos a204p.14a2 : PURIFICACIÓN DE AGUAS RESIDUALES 14a3 : REUTILIZACION DEL AGUA14aTRATAMIENTO TERRETRE DE AGUAS RESIDUALES 1 aTorres Rojo, Juan Carlos1 Sanchez Bas, Mercedes